Comparison of cloud based document editing tools (Google Docs Office 365 and Zoho Docs) (Record no. 65932)

MARC details
000 -LEADER
fixed length control field 00320nam a22000977a 4500
100 ## - MAIN ENTRY--AUTHOR NAME
Personal name Rejesh Kumar Lohano
-- 15MSSE10
245 ## - TITLE STATEMENT
Title Comparison of cloud based document editing tools (Google Docs Office 365 and Zoho Docs)
260 ## - PUBLICATION, DISTRIBUTION, ETC. (IMPRINT)
Place of publication Nawabshah
Name of publisher QUEST
Year of publication 2018
700 ## - ADDED ENTRY--PERSONAL NAME
Personal name Department of Information Technology
942 ## - ADDED ENTRY ELEMENTS (KOHA)
Koha item type Thesis and Dissertation
Holdings
Withdrawn status Lost status Home library Current library Date acquired Full call number Accession Number Koha item type
    Central Library, QUEST, Nawabshah Research Section 21/10/2019 R/IMS-19 MP/54-675 Thesis and Dissertation